LIBRARY & INFORMATION CENTRE, KCAET, TAVANUR

ONLINE PUBLIC ACCESS CATALOGUE (OPAC)

Biochemistry in relation to medicine / (Record no. 9849)

MARC details
000 -LEADER
fixed length control field 00427cam a2200169ua 4500
041 ## - LANGUAGE CODE
Language code of text/sound track or separate title eng
082 ## - DEWEY DECIMAL CLASSIFICATION NUMBER
Classification number 612.22
Item number CAR/BI
100 ## - MAIN ENTRY--AUTHOR NAME
Personal name Carter, C W .
245 ## - TITLE STATEMENT
Title Biochemistry in relation to medicine /
250 ## - EDITION STATEMENT
Edition statement 2 /
260 ## - PUBLICATION, DISTRIBUTION, ETC. (IMPRINT)
Place of publication London :
Name of publisher Longman Green and Co ,
Year of publication 1953.
300 ## - PHYSICAL DESCRIPTION
Number of Pages 524 ; .
700 1# - ADDED ENTRY--PERSONAL NAME
Personal name Thompson, R H S.
942 ## - ADDED ENTRY ELEMENTS (KOHA)
Koha item type Books
Holdings
Withdrawn status Lost status Damaged status Home library Current library Date acquired Full call number Accession Number Koha item type
      KAUAET KAUAET 07/04/2012 612.22 3344 Books
free website counter